00558nam a2200205 a 4500001001300000003000900013005001700022008004100039020002300080082001500103100002400118245002500142260004400167300000900211500003500220505003100255650002100286650002100307700002400328nice12345678IN_TiNIC20260116013705.0050524s1996 lona grp 000 0 eng  a0191680 c54500a305.4bSCO aScott, Joan Wallach aFeminism and History aLondan bOxford University Press c1996 a611p aincludes index and biblioraphy2 aNotes, Bibliography, Index aFeminism-History aCatacombs-Church1 aScott, Joan Wallach